[Event "24th Abu Dhabi Masters"]
[Site "Abu Dhabi UAE"]
[Date "2017.08.21"]
[Round "8.32"]
[White "Teh, Eu Wen Aron"]
[Black "Asgarizadeh, Ahmad"]
[Result "1/2-1/2"]
[WhiteTitle "FM"]
[BlackTitle "IM"]
[WhiteElo "2276"]
[BlackElo "2423"]
[WhiteFideId "5704723"]
[BlackFideId "12505684"]
[EventDate "2017.08.14"]

1. d4 Nf6 2. c4 e6 3. Nc3 Bb4 4. Qc2 O-O 5. a3 Bxc3+ 6. Qxc3 h6 7. Nf3 d5 8. e3
b6 9. cxd5 exd5 10. Bd3 Ne4 11. Qc2 Bb7 12. b4 Nd7 13. Rb1 Re8 14. O-O a6 15. a4
c6 16. Nd2 Ndf6 17. f3 Nd6 18. Nb3 b5 19. Bd2 Nc4 20. Rbe1 Bc8 21. a5 Ra7 22.
Rf2 Rae7 23. Rfe2 h5 24. Nc5 h4 25. Qc3 Nd7 26. Nxd7 Bxd7 27. Bc1 f5 28. e4 Rf7
29. e5 Be6 30. f4 g6 31. Rf1 Rh7 32. Qe1 Kf7 33. Rf3 Rg8 34. Be3 Qe7 35. Bf2 Ke8
36. Rh3 Rgh8 37. Be3 Kd8 38. Rf2 Rg8 39. Qc3 Kc7 40. Bc1 Kb7 41. Kf1 Rh5 42.
Rhf3 Rhh8 43. Rc2 Qh7 44. Be2 Qe7 45. Bd3 Rh7 46. Rcf2 Rhh8 47. Be2 Bd7 48. Kg1
Rh7 49. Rf1 Rhg7 50. R3f2 Be6 51. Bd3 Qd8 52. Be2 Rd7 53. Rd1 Rh7 54. Bf3 h3 55.
g3 Qd7 56. Kf1 Rhh8 57. Ke2 Rh7 58. Rg1 Rf7 59. Kd1 Kb8 60. Kc2 Qc7 61. Re1 Qd7 1/2-1/2

[Event "24th Abu Dhabi Masters"]
[Site "Abu Dhabi UAE"]
[Date "2017.08.21"]
[Round "8.33"]
[White "Pazos Porta, Antonio"]
[Black "Vogt, Lothar"]
[Result "1-0"]
[WhiteTitle "FM"]
[BlackTitle "GM"]
[WhiteElo "2325"]
[BlackElo "2420"]
[WhiteFideId "2263190"]
[BlackFideId "4611292"]
[EventDate "2017.08.14"]

1. d4 Nf6 2. Nf3 g6 3. c4 Bg7 4. Nc3 O-O 5. e4 d6 6. Be2 Bg4 7. Be3 Nfd7 8. Qd2
c5 9. d5 a6 10. Bh6 Qa5 11. h4 Nf6 12. h5 Bxh5 13. Bxg7 Kxg7 14. Ng1 Bxe2 15.
Qh6+ Kg8 16. Nxe2 Rc8 17. g4 Qd8 18. g5 Nh5 19. Ng3 Qf8 20. Rxh5 gxh5 21. Qxh5
Nd7 22. O-O-O e6 23. e5 Nxe5 24. Nce4 Qg7 25. Nf6+ Kf8 26. f4 Nxc4 27. dxe6 fxe6
28. f5 h6 29. fxe6 Re8 30. gxh6 Qxf6 31. Rf1 Qxf1+ 32. Nxf1 Ne5 33. Qg5 1-0

[Event "24th Abu Dhabi Masters"]
[Site "Abu Dhabi UAE"]
[Date "2017.08.21"]
[Round "8.34"]
[White "Omidi, Arya"]
[Black "Stegariu, Vlad-Ionut"]
[Result "1-0"]
[WhiteElo "2415"]
[BlackElo "2244"]
[WhiteFideId "12508780"]
[BlackFideId "1217860"]
[EventDate "2017.08.14"]

1. c4 c5 2. Nc3 Nf6 3. g3 g6 4. Bg2 Bg7 5. e3 d6 6. Nge2 O-O 7. O-O Nc6 8. b3
Bd7 9. Bb2 Qc8 10. d4 Bh3 11. d5 Na5 12. Qc2 a6 13. a4 Ne8 14. Bxh3 Qxh3 15. Ne4
Qf5 16. f3 Bxb2 17. Qxb2 Nf6 18. Qc3 b6 19. Nd2 e5 20. e4 Qh3 21. Qe3 Qd7 22.
Nc3 Nh5 23. Rab1 Nb7 24. Rf2 Kh8 25. Rbf1 Qh3 26. Qg5 Qd7 27. f4 exf4 28. gxf4
f6 29. Qh4 Rae8 30. Ne2 f5 31. exf5 Rxf5 32. Ng3 Nxg3 33. hxg3 Nd8 34. Nf3 Rh5
35. Qf6+ Kg8 36. Rg2 Rf5 37. Qc3 Qg7 38. Qd3 Rf7 39. Re2 Rxe2 40. Qxe2 Re7 41.
Qd3 Nf7 42. Kg2 Nh6 43. Rf2 Nf5 44. Re2 h6 45. g4 Rxe2+ 46. Qxe2 Qe7 47. Qxe7
Nxe7 48. Nd2 Kf7 49. Ne4 Nc8 50. Kg3 Kg7 51. Kh4 Kf7 52. f5 Kg7 53. f6+ Kf7 54.
g5 h5 55. Ng3 b5 56. a5 b4 57. Nxh5 Na7 58. Ng7 1-0

[Event "24th Abu Dhabi Masters"]
[Site "Abu Dhabi UAE"]
[Date "2017.08.21"]
[Round "8.35"]
[White "Iniyan, P"]
[Black "Kumar, Gaurav"]
[Result "1-0"]
[WhiteTitle "IM"]
[WhiteElo "2404"]
[BlackElo "2210"]
[WhiteFideId "25002767"]
[BlackFideId "5085578"]
[EventDate "2017.08.14"]

1. Nf3 d5 2. g3 Bg4 3. Bg2 Nd7 4. d4 e6 5. O-O Ngf6 6. c4 c6 7. b3 Qa5 8. Bb2
Be7 9. Nbd2 Ba3 10. Qc1 Bxb2 11. Qxb2 O-O 12. Rfe1 h6 13. Nh4 Bf5 14. Nxf5 exf5
15. Nf1 dxc4 16. bxc4 Rab8 17. Ne3 f4 18. gxf4 Qc7 19. f5 Qf4 20. Qc3 Rfe8 21.
Qd3 Rbd8 22. Nc2 Ne4 23. f3 Ng5 24. Kh1 Nf6 25. e3 Qh4 26. Qf1 c5 27. Re2 cxd4
28. Nxd4 Rc8 29. Rc1 Rc5 30. Qe1 Qxe1+ 31. Rexe1 Rec8 32. Bf1 Nd7 33. e4 Nh7 34.
f4 Nb6 35. Nb3 R5c7 36. Nd4 Nxc4 37. Nb5 Rc5 38. Nxa7 R8c7 39. e5 Nf8 40. Nb5
Rxb5 41. Rxc4 Rxc4 42. Bxc4 Rb4 43. e6 fxe6 44. fxe6 Nxe6 45. Bxe6+ Kf8 46. f5
Ke7 47. Rg1 Kf8 48. Rc1 1-0

[Event "24th Abu Dhabi Masters"]
[Site "Abu Dhabi UAE"]
[Date "2017.08.21"]
[Round "8.36"]
[White "Arjun, Kalyan"]
[Black "Phadke, Sohan"]
[Result "1/2-1/2"]
[BlackTitle "FM"]
[WhiteElo "2366"]
[BlackElo "2111"]
[WhiteFideId "35018701"]
[BlackFideId "5016223"]
[EventDate "2017.08.14"]

1. e4 c5 2. Nf3 Nc6 3. Nc3 Nf6 4. Bb5 g6 5. e5 Ng4 6. Bxc6 dxc6 7. h3 Nh6 8. Ne4
b6 9. Qe2 Nf5 10. O-O Bg7 11. Nf6+ Kf8 12. Ng4 h5 13. Ngh2 g5 14. Nxg5 Nd4 15.
Qd1 Bf5 16. d3 Bxe5 17. Nhf3 Nxf3+ 18. Qxf3 Qd5 19. Re1 Qxf3 20. Nxf3 Bd6 21.
Bd2 Rg8 22. Kf1 f6 23. b3 Kf7 24. Nh4 Bh7 25. f4 b5 26. Nf3 c4 1/2-1/2

[Event "24th Abu Dhabi Masters"]
[Site "Abu Dhabi UAE"]
[Date "2017.08.21"]
[Round "8.37"]
[White "Illingworth, Max"]
[Black "Ayyad, Husain"]
[Result "1-0"]
[WhiteTitle "GM"]
[BlackTitle "FM"]
[WhiteElo "2506"]
[BlackElo "2208"]
[WhiteFideId "3205207"]
[BlackFideId "11200243"]
[EventDate "2017.08.14"]

1. d4 Nf6 2. c4 e6 3. Nc3 c5 4. d5 d6 5. e4 exd5 6. exd5 g6 7. Bf4 Bg7 8. Qe2+
Kf8 9. O-O-O a6 10. Nf3 Bf5 11. h3 b5 12. cxb5 axb5 13. Qxb5 Ne4 14. Nxe4 Bxe4
15. Re1 1-0

[Event "24th Abu Dhabi Masters"]
[Site "Abu Dhabi UAE"]
[Date "2017.08.21"]
[Round "8.38"]
[White "Fernandez Borrego, Pablo"]
[Black "Hari, Madhavan N B"]
[Result "1-0"]
[WhiteTitle "FM"]
[WhiteElo "2427"]
[BlackElo "2246"]
[WhiteFideId "2258285"]
[BlackFideId "25054309"]
[EventDate "2017.08.14"]

1. e4 e6 2. d4 d5 3. Nc3 Bb4 4. e5 c5 5. Bd2 Ne7 6. Nb5 Bxd2+ 7. Qxd2 O-O 8. f4
cxd4 9. Nf3 Nbc6 10. Bd3 Qb6 11. O-O a6 12. Nd6 f6 13. Qe1 Nf5 14. Bxf5 exf5 15.
exf6 Rxf6 16. Qe8+ Rf8 17. Nxc8 Rxc8 18. Qe6+ Kh8 19. Ng5 Qc7 20. Rae1 d3 21.
cxd3 h6 22. Re3 Rf6 23. Qe8+ Rf8 24. Qg6 hxg5 25. Rh3+ Kg8 26. fxg5 Ne7 27. Qe6+
Rf7 28. g6 Nxg6 29. Qxg6 Rf6 30. Qh7+ Kf7 31. Rhf3 Qb6+ 32. Kh1 Qxb2 33. Rxf5
Rc6 34. h3 Qe2 35. R1f3 Qe1+ 36. Kh2 Qe7 37. Rg3 Qf8 38. Rfg5 Ke7 39. Rxg7+ Ke6
40. Rxb7 Rd6 41. Re3# 1-0

[Event "24th Abu Dhabi Masters"]
[Site "Abu Dhabi UAE"]
[Date "2017.08.21"]
[Round "8.39"]
[White "Karavade, Eesha"]
[Black "Chifor, Ovidiu-Emanuel"]
[Result "1-0"]
[WhiteTitle "IM"]
[WhiteElo "2397"]
[BlackElo "2245"]
[WhiteFideId "5012600"]
[BlackFideId "1215400"]
[EventDate "2017.08.14"]

1. e4 e5 2. Nf3 Nc6 3. Bc4 Nf6 4. d3 Bc5 5. c3 d6 6. O-O O-O 7. h3 a6 8. Bb3 Ba7
9. Nbd2 Nh5 10. Nc4 Qf6 11. Ne3 Nf4 12. Nd5 Nxd5 13. exd5 Nb8 14. d4 exd4 15.
Nxd4 Nd7 16. Be3 Ne5 17. Qd2 h6 18. f4 Ng6 19. f5 Ne5 20. Rae1 c5 21. Ne2 c4 22.
Bc2 Bxe3+ 23. Qxe3 Qg5 24. Qd4 b5 25. Kh2 Bb7 26. Ng3 Qd8 27. f6 g6 28. Re4 Nd7
29. Rh4 Bxd5 30. Rxh6 Re8 31. Qh4 Nxf6 32. Rh8+ 1-0

[Event "24th Abu Dhabi Masters"]
[Site "Abu Dhabi UAE"]
[Date "2017.08.21"]
[Round "8.40"]
[White "Manafov, Vugar"]
[Black "Raetsky, Alexander"]
[Result "0-1"]
[BlackTitle "GM"]
[WhiteElo "2240"]
[BlackElo "2381"]
[WhiteFideId "13410814"]
[BlackFideId "4103203"]
[EventDate "2017.08.14"]

1. d4 d5 2. c4 e5 3. dxe5 d4 4. Nf3 Nc6 5. Bf4 Nge7 6. g3 h6 7. Bg2 Be6 8. Na3
Qd7 9. O-O g5 10. Bc1 Bg7 11. b3 O-O-O 12. Bb2 Bh3 13. b4 Bxg2 14. Kxg2 g4 15.
Ne1 Nxe5 16. Nd3 h5 17. Nxe5 Bxe5 18. b5 h4 19. Rh1 Qe6 20. Qd3 f5 21. Bc1 Ng6
22. Bg5 Bf6 23. Bxf6 Qxf6 24. f4 Rde8 25. Nc2 Re4 26. Rae1 Rhe8 27. Rhf1 Qh8 28.
Rh1 Rxf4 29. Ref1 h3+ 30. Kg1 Rfe4 31. Rf2 Qe5 32. Kf1 f4 33. Ke1 f3 34. Kd1
Rxe2 35. Rxe2 Qxe2+ 36. Qxe2 Rxe2 37. Nxd4 Rxa2 38. Re1 Ra1+ 39. Kd2 Rxe1 40.
Kxe1 Ne5 41. Nf5 Nxc4 42. Nh6 Ne5 43. Kf2 Kd7 44. Ke3 Ke6 45. Kf2 a5 46. bxa6
bxa6 47. Ng8 a5 0-1

[Event "24th Abu Dhabi Masters"]
[Site "Abu Dhabi UAE"]
[Date "2017.08.21"]
[Round "8.41"]
[White "Jeet, Jain"]
[Black "Srija, Seshadri"]
[Result "1/2-1/2"]
[BlackTitle "WFM"]
[WhiteElo "2361"]
[BlackElo "2167"]
[WhiteFideId "5073022"]
[BlackFideId "5055903"]
[EventDate "2017.08.14"]

1. e4 e5 2. Nf3 Nc6 3. Bc4 Nf6 4. d3 Bc5 5. c3 O-O 6. O-O d5 7. exd5 Nxd5 8. Re1
Bg4 9. h3 Bh5 10. Nbd2 Nb6 11. Bb5 Bd6 12. Ne4 f5 13. Ng3 Bxf3 14. Qxf3 Qd7 15.
Nf1 e4 16. dxe4 fxe4 17. Qe2 Rae8 18. Be3 a6 19. Bxc6 Qxc6 20. Rad1 Nc4 21. Bd4
Ne5 22. Bxe5 Rxe5 23. Ne3 Bc5 24. b4 Ba7 25. c4 Bxe3 26. fxe3 Rg5 27. Rf1 Re8
28. Rd4 Qe6 29. Qf2 h6 30. h4 Rg4 31. Qf5 Rxh4 32. Qxe6+ Rxe6 33. Rd8+ Kh7 34.
Rd7 Rb6 35. Rff7 Rg4 36. a3 Rbg6 37. Rf2 Rc6 38. Rff7 Rxc4 39. Rxc7 Rxc7 40.
Rxc7 b5 41. Re7 Rg6 42. Rxe4 Rc6 43. Kf2 Rc3 44. Re6 Rxa3 45. Kf3 Ra4 46. Rb6
Rxb4 47. Rxa6 Rb1 48. Rb6 b4 49. e4 b3 50. e5 b2 51. Kg3 h5 52. Kh2 h4 53. Rb4
Kg6 54. Rb6+ Kf5 55. e6 Kf6 56. g3 hxg3+ 57. Kg2 Ke7 58. Rb7+ Kxe6 59. Rb6+ Kf5
60. Rb5+ Kg6 61. Rb6+ Kh5 62. Rb5+ g5 63. Rb8 Rc1 64. Rxb2 Kh4 65. Rb4+ Kh5 66.
Kxg3 Rc3+ 67. Kg2 1/2-1/2

[Event "24th Abu Dhabi Masters"]
[Site "Abu Dhabi UAE"]
[Date "2017.08.21"]
[Round "8.42"]
[White "Aditya, Mittal"]
[Black "Rajdeep, Sarkar"]
[Result "1-0"]
[WhiteTitle "CM"]
[BlackTitle "FM"]
[WhiteElo "2236"]
[BlackElo "2360"]
[WhiteFideId "35042025"]
[BlackFideId "25007963"]
[EventDate "2017.08.14"]

1. d4 e6 2. c4 b6 3. e4 Bb7 4. Bd3 Bb4+ 5. Bd2 Bxd2+ 6. Qxd2 Nh6 7. Nf3 O-O 8.
Nc3 f5 9. O-O Nc6 10. d5 Nb4 11. Rae1 Nxd3 12. Qxd3 fxe4 13. Nxe4 exd5 14. cxd5
Nf5 15. Ng3 Nxg3 16. fxg3 Rf6 17. Re5 Qf8 18. Rfe1 Qc5+ 19. Qe3 Raf8 20. Qxc5
bxc5 21. Re7 Rd6 22. Ne5 Bc8 23. Nd3 Rxd5 24. Nf4 Rdf5 25. h4 R5f7 26. Rxf7 Kxf7
27. Nd5 c6 28. Re7+ Kg8 29. Nf4 c4 30. Kf2 a5 31. Ke3 d5 32. Kd4 Bf5 33. Ke5 Bg4
34. Kd4 Rb8 35. Rc7 Rxb2 36. Rxc6 Rd2+ 37. Ke5 Rxa2 38. Nxd5 Rxg2 39. Rxc4 Rxg3
40. Ra4 Bh3 41. Rxa5 h6 42. Nf4 Bf1 43. Ra8+ Kh7 44. h5 Rg5+ 45. Kd4 Rf5 46. Ke3
Bc4 47. Rc8 Bb3 48. Rb8 Bd1 49. Ke4 Ra5 50. Rb7 Rg5 51. Ne6 Rg3 52. Rb5 Be2 53.
Ra5 Kg8 54. Nf4 Bf3+ 55. Kd4 Kf7 56. Rf5+ Ke8 57. Re5+ Kd8 58. Re3 Kd7 59. Kd3
Kd6 60. Kd2 g5 61. hxg6 h5 62. g7 h4 63. Re6+ Kc5 64. Ng6 Bd5 65. g8=Q h3 66.
Qf8+ Kb5 67. Qb8+ 1-0

[Event "24th Abu Dhabi Masters"]
[Site "Abu Dhabi UAE"]
[Date "2017.08.21"]
[Round "8.43"]
[White "Sadhwani, Raunak"]
[Black "Kulkarni, Vinayak"]
[Result "1/2-1/2"]
[WhiteTitle "FM"]
[WhiteElo "2359"]
[BlackElo "2204"]
[WhiteFideId "35093487"]
[BlackFideId "5021332"]
[EventDate "2017.08.14"]

1. e4 c5 2. Nf3 Nc6 3. d4 cxd4 4. Nxd4 Nf6 5. Nc3 e5 6. Ndb5 d6 7. Bg5 a6 8. Na3
b5 9. Nd5 Be7 10. Bxf6 Bxf6 11. c4 b4 12. Nc2 O-O 13. g3 a5 14. Bg2 Bg5 15. O-O
Be6 16. Qd3 Bxd5 17. Qxd5 Qb6 18. Qd3 Rfd8 19. Rad1 a4 20. b3 Ra7 21. Kh1 axb3
22. axb3 Ra2 23. f4 Bf6 24. Rb1 exf4 25. gxf4 Bc3 26. Rf3 g6 27. Ne3 Rd2 28. Qf1
Ra8 29. Nd5 Qd4 30. Rg3 Raa2 31. h4 Re2 32. Rd1 Rad2 33. Qxe2 Rxd1+ 34. Kh2 Be1 1/2-1/2

[Event "24th Abu Dhabi Masters"]
[Site "Abu Dhabi UAE"]
[Date "2017.08.21"]
[Round "8.44"]
[White "Alinasab, Mobina"]
[Black "Medarde Santiago, Luis Marcos"]
[Result "1/2-1/2"]
[WhiteTitle "WFM"]
[BlackTitle "FM"]
[WhiteElo "2208"]
[BlackElo "2332"]
[WhiteFideId "12528897"]
[BlackFideId "2263076"]
[EventDate "2017.08.14"]

1. e4 c5 2. Nf3 g6 3. d4 cxd4 4. Nxd4 Nc6 5. c4 Nf6 6. Nc3 d6 7. Be2 Nxd4 8.
Qxd4 Bg7 9. Be3 O-O 10. Qd2 a5 11. f3 a4 12. O-O Qa5 13. Rab1 Be6 14. Rfc1 Rfc8
15. b4 axb3 16. axb3 Qb4 17. Na4 Qxd2 18. Bxd2 Nd7 19. Be3 f5 20. Bd3 Ne5 21.
Bc2 Rc6 22. h3 Kf7 23. Nb6 Ra2 24. Nd5 Bxd5 25. exd5 Rc8 26. f4 Nd7 27. Bd3 Nc5
28. Bxc5 Rxc5 29. b4 Rc8 30. c5 Bd4+ 31. Kh1 dxc5 32. Bc4 Ra3 33. d6+ Ke8 34.
Re1 e6 35. Rxe6+ Kf8 36. d7 Rd8 37. Bb5 Raa8 38. Re8+ Kg7 39. bxc5 Bxc5 40. Rc1
b6 41. Rce1 Kf7 42. Bc4+ Kf6 43. Bd5 Rab8 44. Bc6 Kf7 45. Bd5+ Kf6 46. Bc6 Kf7
47. Bb5 Ra8 48. Bc6 Rab8 1/2-1/2

[Event "24th Abu Dhabi Masters"]
[Site "Abu Dhabi UAE"]
[Date "2017.08.21"]
[Round "8.45"]
[White "Abhilash, Reddy M.L."]
[Black "Ashwath, R."]
[Result "1/2-1/2"]
[WhiteElo "2188"]
[BlackElo "2290"]
[WhiteFideId "5024668"]
[BlackFideId "5021049"]
[EventDate "2017.08.14"]

1. d4 d5 2. Nf3 Nf6 3. c4 e6 4. Nc3 Bb4 5. cxd5 exd5 6. Bg5 Qd6 7. e3 Ne4 8. Rc1
Nxg5 9. Nxg5 Bf5 10. Bd3 Bxd3 11. Qxd3 c6 12. Qf5 Qd7 13. Qe5+ Kf8 14. Nf3 Na6
15. O-O h5 16. Rfe1 Bd6 17. Qg5 Qg4 18. h3 Qxg5 19. Nxg5 Re8 20. Nf3 f6 21. e4
Nc7 22. exd5 1/2-1/2

[Event "24th Abu Dhabi Masters"]
[Site "Abu Dhabi UAE"]
[Date "2017.08.21"]
[Round "8.46"]
[White "Rayes, Abdul Kader"]
[Black "Pujari, Rucha"]
[Result "1/2-1/2"]
[BlackTitle "WIM"]
[WhiteElo "2259"]
[BlackElo "2153"]
[WhiteFideId "7600801"]
[BlackFideId "5024528"]
[EventDate "2017.08.14"]

1. Nf3 Nf6 2. c4 e6 3. g3 d5 4. Bg2 Be7 5. O-O O-O 6. d4 c6 7. Nc3 Nbd7 8. Nd2
b5 9. cxb5 cxb5 10. Nxb5 Qb6 11. Qa4 Nb8 12. Nc4 dxc4 13. Bxa8 Bd7 14. Qxa7 Qxb5
15. a4 Qf5 16. f3 Qc2 17. Bf4 Qb3 18. a5 Re8 19. Qb6 Bb5 20. Bb7 Nfd7 21. Qc7
Bd8 22. Qc8 e5 23. Bg5 f6 24. a6 Nxa6 25. Ra3 Qb4 26. Bxa6 fxg5 27. Qb7 Nb6 28.
Bxb5 Qxb5 29. Ra7 Re7 30. Qb8 Rxa7 31. Qxa7 exd4 32. Qb7 Qe5 33. Ra1 Qxe2 34.
Ra7 Qe1+ 35. Kg2 Qe2+ 36. Kg1 Qe1+ 37. Kg2 Qe2+ 38. Kg1 Qe1+ 39. Kg2 1/2-1/2

[Event "24th Abu Dhabi Masters"]
[Site "Abu Dhabi UAE"]
[Date "2017.08.21"]
[Round "8.47"]
[White "Mahalakshmi, M"]
[Black "Gurpreet, Singh Maras"]
[Result "1-0"]
[WhiteTitle "WIM"]
[WhiteElo "2140"]
[BlackElo "2247"]
[WhiteFideId "5001080"]
[BlackFideId "5014433"]
[EventDate "2017.08.14"]

1. d4 Nf6 2. c4 e6 3. Nc3 Bb4 4. Qb3 c5 5. dxc5 Nc6 6. a3 Bxc5 7. Nf3 O-O 8. Bg5
Be7 9. e3 b6 10. Rd1 Bb7 11. Be2 Qc8 12. O-O Na5 13. Qa2 Ba6 14. Nb5 Bxb5 15.
cxb5 h6 16. Bh4 g5 17. Bg3 Ne4 18. Be5 d5 19. Rc1 Qe8 20. b4 Nb7 21. Nd4 Bd6 22.
f4 f5 23. Bd3 Rc8 24. Nc6 Bxe5 25. fxe5 f4 26. exf4 gxf4 27. Qe2 Rc7 28. Bxe4
dxe4 29. Qxe4 Nd8 30. Nxd8 Rxc1 31. Rxc1 Qxd8 32. Qg6+ Kh8 33. Qxh6+ Kg8 34.
Qxe6+ Kh8 35. Qd6 1-0

[Event "24th Abu Dhabi Masters"]
[Site "Abu Dhabi UAE"]
[Date "2017.08.21"]
[Round "8.49"]
[White "Fadeev, Semen"]
[Black "Prieto Aranguren, Alain"]
[Result "0-1"]
[WhiteElo "2161"]
[BlackElo "2286"]
[WhiteFideId "4177738"]
[BlackFideId "2268906"]
[EventDate "2017.08.14"]

1. e4 c6 2. Nc3 d5 3. Nf3 Bg4 4. h3 Bh5 5. exd5 cxd5 6. g4 Bg6 7. Bb5+ Nc6 8.
Ne5 Rc8 9. d4 e6 10. h4 f6 11. Nxg6 hxg6 12. Qd3 Kf7 13. Bxc6 bxc6 14. Bd2 c5
15. dxc5 Bxc5 16. f4 Nh6 17. f5 exf5 18. Bxh6 Re8+ 19. Ne2 gxh6 20. gxf5 Re3 21.
fxg6+ Kg7 22. Qb5 Qd6 23. O-O-O Rb8 24. Qa5 Rxe2 25. Rh3 Qf4+ 26. Kb1 Qb4 27.
Qxb4 Rxb4 28. a3 Rc4 29. h5 Re5 0-1

[Event "24th Abu Dhabi Masters"]
[Site "Abu Dhabi UAE"]
[Date "2017.08.21"]
[Round "8.50"]
[White "Eynullayev, Altay"]
[Black "Senthil, Maran K"]
[Result "1/2-1/2"]
[WhiteTitle "FM"]
[WhiteElo "2255"]
[BlackElo "2124"]
[WhiteFideId "13413562"]
[BlackFideId "25035681"]
[EventDate "2017.08.14"]

1. d4 Nf6 2. c4 b6 3. f3 e6 4. e4 Bb4+ 5. Nc3 O-O 6. Be3 d6 7. Ne2 e5 8. Rc1 Nc6
9. Qa4 Bd7 10. d5 Bxc3+ 11. Nxc3 Ne7 12. Qd1 Nh5 13. Qd2 f5 14. Kd1 Qe8 15. Kc2
Qg6 16. Rg1 Nf6 17. Bd3 fxe4 18. Nxe4 Nxe4 19. Bxe4 Bf5 20. Qd3 Bxe4 21. Qxe4
Nf5 22. Bf2 Rae8 23. Rce1 a6 24. Kb1 Ne7 25. Qxg6 Nxg6 26. Re4 Kf7 27. Kc2 Ke7
28. Bg3 Kd7 29. Rge1 b5 30. b3 Rb8 31. Kc3 bxc4 32. bxc4 a5 33. R1e2 Rb4 34. Rb2
Rfb8 35. Rb3 Ne7 36. Re2 c6 37. dxc6+ Nxc6 38. Reb2 Nd4 39. Rxb4 axb4+ 40. Rxb4
Ne2+ 41. Kb3 Nd4+ 42. Kc3 Ne2+ 43. Kb3 Nc1+ 44. Ka3 Rxb4 45. Kxb4 Nxa2+ 46. Ka3
Nc1 47. c5 dxc5 48. Bxe5 g6 49. Bc3 Ke6 50. Kb2 Ne2 51. Kc2 Kd5 52. Kd2 Nf4 53.
g3 Ne6 54. Ke3 Kc4 55. Be5 Kd5 56. Bc3 c4 57. f4 Nc5 58. g4 Ne4 59. Be5 c3 60.
Bg7 c2 61. Bb2 Nc5 62. f5 Nb3 63. fxg6 hxg6 64. h4 Ke6 65. Kf4 Nc5 66. Ke3 Nb3 1/2-1/2

[Event "24th Abu Dhabi Masters"]
[Site "Abu Dhabi UAE"]
[Date "2017.08.21"]
[Round "8.51"]
[White "Harshal, Shahi"]
[Black "Patil, Pratik"]
[Result "1/2-1/2"]
[WhiteTitle "FM"]
[WhiteElo "2130"]
[BlackElo "2246"]
[WhiteFideId "5048257"]
[BlackFideId "5038758"]
[EventDate "2017.08.14"]

1. e4 c5 2. Nf3 e6 3. d4 cxd4 4. Nxd4 a6 5. Bd3 Bc5 6. Nb3 Ba7 7. Qe2 d6 8. Be3
Nc6 9. O-O e5 10. c4 Nge7 11. Bxa7 Rxa7 12. Nc3 Be6 13. Rfd1 b6 14. Qe3 O-O 15.
Rd2 Qb8 16. Rad1 Rd8 17. Bf1 Rb7 18. Nd5 1/2-1/2

[Event "24th Abu Dhabi Masters"]
[Site "Abu Dhabi UAE"]
[Date "2017.08.21"]
[Round "8.52"]
[White "Chitlange, Sakshi"]
[Black "Dileep, Kumar R"]
[Result "1/2-1/2"]
[WhiteTitle "WIM"]
[WhiteElo "2073"]
[BlackElo "2234"]
[WhiteFideId "35002899"]
[BlackFideId "25014927"]
[EventDate "2017.08.14"]

1. d4 d5 2. c4 e6 3. Nf3 c6 4. Qc2 Nf6 5. g3 Nbd7 6. Bg2 Be7 7. O-O O-O 8. Nbd2
c5 9. cxd5 exd5 10. dxc5 Nxc5 11. Nb3 Nce4 12. Nfd4 Bd7 13. Bf4 Rc8 14. Qd3 a5
15. Rac1 a4 16. Rxc8 Bxc8 17. Nd2 Bc5 18. Be3 Re8 19. Nc2 Qb6 20. Bd4 Bxd4 21.
Nxe4 Bxb2 22. Nxf6+ Bxf6 23. Bxd5 Be6 24. Ne3 Rd8 25. Rb1 Qc5 26. Rb5 Qc1+ 27.
Kg2 Qc8 28. Qb1 Bd4 29. Bxb7 Qd7 30. Bd5 Bxe3 31. Bxe6 Qxe6 32. fxe3 Qxe3 33.
Kf1 Re8 34. Qc2 g6 35. Rc5 Qe6 36. Qc4 Qf6+ 37. Kg2 Kg7 38. Qd3 Qe6 39. Rc2 h5
40. Qd4+ Kh7 41. Rd2 Qc6+ 42. Kg1 Re4 43. Qd3 h4 44. Rc2 Qe6 45. Qf3 Qd5 46. Rc7
hxg3 47. Rxf7+ Kh6 48. hxg3 Qd1+ 49. Kf2 Qd4+ 50. Kg2 Re3 51. Qf4+ Qxf4 52. Rxf4
Rxe2+ 53. Rf2 Rxf2+ 54. Kxf2 Kg5 55. Kf3 Kf5 56. a3 Kg5 57. g4 Kh4 58. Kf4 Kh3
59. Kg5 Kg3 60. Kxg6 Kxg4 61. Kf6 Kf4 62. Ke6 Ke4 63. Kd6 Kd4 64. Ke6 Kc3 65.
Kd5 Kb3 66. Kd4 Kxa3 67. Kc3 Ka2 68. Kc2 a3 69. Kc1 1/2-1/2

[Event "24th Abu Dhabi Masters"]
[Site "Abu Dhabi UAE"]
[Date "2017.08.21"]
[Round "8.53"]
[White "Mithil, Ajgaonkar"]
[Black "Saim, Mohamed Ilias"]
[Result "1-0"]
[BlackTitle "FM"]
[WhiteElo "2224"]
[BlackElo "2102"]
[WhiteFideId "5017343"]
[BlackFideId "7900465"]
[EventDate "2017.08.14"]

1. d4 Nf6 2. Nf3 g6 3. g3 Bg7 4. Bg2 O-O 5. O-O d6 6. c4 Nbd7 7. Nc3 e5 8. e4
Re8 9. h3 exd4 10. Nxd4 a6 11. Be3 Rb8 12. b3 Nc5 13. Qc2 Bd7 14. Rad1 Qc8 15.
Kh2 h5 16. Bg5 Nh7 17. Bc1 h4 18. g4 Nf6 19. f3 Nh7 20. f4 c6 21. f5 b5 22. g5
Be5+ 23. Kh1 Qd8 24. b4 Na4 25. Nxa4 bxa4 26. Nf3 Bg3 27. Qc3 a3 28. Bxa3 Nxg5
29. Bb2 Be5 30. Nxe5 dxe5 31. fxg6 fxg6 32. Rd6 Qe7 33. Rxg6+ Kh7 34. Rgf6 Kg7
35. Qd2 Qxf6 36. Rxf6 Kxf6 37. Qxd7 Nf7 38. Qf5+ Kg7 39. Bf3 Rb7 40. Bh5 Ree7
41. Bxf7 Rxf7 42. Bxe5+ Kg8 43. Qg5+ 1-0

[Event "24th Abu Dhabi Masters"]
[Site "Abu Dhabi UAE"]
[Date "2017.08.21"]
[Round "8.54"]
[White "Arshavskij, Viktor"]
[Black "Pratyusha, Bodda"]
[Result "0-1"]
[BlackTitle "WIM"]
[WhiteElo "2141"]
[BlackElo "2171"]
[WhiteFideId "4125045"]
[BlackFideId "5000629"]
[EventDate "2017.08.14"]

1. d4 Nf6 2. Bf4 e6 3. e3 d5 4. Nf3 c5 5. c3 Nc6 6. Bd3 Bd6 7. Bg3 O-O 8. Nbd2
b6 9. e4 Be7 10. e5 Nd7 11. h4 h6 12. Ng5 cxd4 13. cxd4 Nb4 14. Bh7+ Kh8 15. Qh5
Bxg5 16. hxg5 Kxh7 17. Nf3 Ba6 18. gxh6 g6 19. Ng5+ Kh8 20. Nxf7+ Rxf7 21. Qxg6
Qg8 22. Qxe6 Qh7 23. Rd1 Qe4+ 24. Kd2 Qd3+ 0-1

[Event "24th Abu Dhabi Masters"]
[Site "Abu Dhabi UAE"]
[Date "2017.08.21"]
[Round "8.55"]
[White "Hakobyan, Eduard"]
[Black "Armstrong, Malcolm J"]
[Result "1-0"]
[WhiteElo "2164"]
[BlackElo "2109"]
[WhiteFideId "13310860"]
[BlackFideId "409049"]
[EventDate "2017.08.14"]

1. e4 c6 2. d4 d5 3. Nc3 dxe4 4. Nxe4 Bf5 5. Ng3 Bg6 6. Nf3 Nd7 7. h4 h6 8. h5
Bh7 9. Bd3 Bxd3 10. Qxd3 Qc7 11. Bd2 Ngf6 12. O-O-O e6 13. Qe2 O-O-O 14. Ne5 Nb6
15. Ba5 Rd5 16. Bxb6 axb6 17. Ne4 Nxe4 18. Qxe4 Bd6 19. f4 Rd8 20. Rd3 f5 21.
Qe3 Bxe5 22. fxe5 c5 23. Rhd1 Rxd4 24. Rxd4 Rxd4 25. Rxd4 cxd4 26. Qxd4 Qc6 27.
Qb4 Qxg2 28. Qf8+ Kc7 29. Qd6+ Kc8 30. Qxe6+ Kb8 31. Qxf5 Qg1+ 32. Kd2 Qg2+ 33.
Ke3 Qg1+ 34. Qf2 Qg5+ 35. Qf4 Qxh5 36. e6+ Ka7 37. Ke4 g5 38. Qf7 Qe2+ 39. Kf5
Qxc2+ 40. Kf6 Qxb2+ 41. Kg6 Qc2+ 42. Kg7 Qc3+ 43. Qf6 Qc7+ 44. e7 g4 45. Qf7
Qe5+ 46. Kh7 Qe4+ 47. Kg8 1-0